000 00189nam a22000977a 4500
041 _aeng
080 _a80
100 _aVellay, Pierre
245 _aChildbirth with Confidence
999 _c281709
_d281709
942 _cBK